Czy znasz najbardziej wartościowych piłkarzy na kontynetach? - Statystyki

Ogólne statystyki
  • Ten quiz został rozwiązany 109 razy
  • Średni wynik to 1 z 6
Statystyki odpowiedzi
Kontynent (konfederacja) Odpowiedź % Poprawnych
Europa (UEFA) Kylian Mbappe
99%
Azja (AFC) Oscar
21%
Ameryka Północna (CONCACAF) Josef Martínez
15%
Ameryka Południowa (CONMEBOL) Éverton
2%
Australia (OFC) Emiliano Tade
0%
Afryka (CAF) Ramadan Sobhi
0%
Nie znaleziono quizów pasujących do podanych kryteriów
Rozkład punktacji
Procent ludzi z każdym wynikiem
Percentyl według liczby udzielonych odpowiedzi
Twoja historia wyników
Nie rozwiązałeś tego quizu